Т. 2 : Протоколы Президиума Госплана за 1922 год. Кн. 2; Протоколы Президиума Госплана за 1921-1922 годы

التفاصيل البيبلوغرافية
Parent link:Протоколы Президиума Госплана за 1921-1922 годы: [в 2 т.]/ гл. ред. Н. И. Роговский ; сост. З. К. Звездин [и др.]. Т. 2 : Протоколы Президиума Госплана за 1922 год. Кн. 2.— , 1979
اللغة:الروسية
منشور في: 1979
الموضوعات:
التنسيق: كتاب
KOHA link:https://koha.lib.tpu.ru/cgi-bin/koha/opac-detail.pl?biblionumber=377280

MARC

LEADER 00000nam2a2200000 4500
001 377280
005 20231102012911.0
035 |a (RuTPU)RU\TPU\retro\34729 
090 |a 377280 
100 |a 20230216d1979 k y0rusy50 ca 
101 0 |a rus 
102 |a RU 
105 |a y z 001zy 
200 0 |a Т. 2 : Протоколы Президиума Госплана за 1922 год. Кн. 2 
210 |d 1979 
215 |a 240 с. 
320 |a Указ. учрежд. и орг.: с. 235-238 
461 1 |0 (RuTPU)RU\TPU\retro\34723  |t Протоколы Президиума Госплана за 1921-1922 годы  |o [в 2 т.]  |f гл. ред. Н. И. Роговский ; сост. З. К. Звездин [и др.]  |v Т. 2 : Протоколы Президиума Госплана за 1922 год. Кн. 2  |d 1979 
606 1 |a Протоколы Президиума Госплана  |x история  |2 stltpush  |3 (RuTPU)RU\TPU\subj\36807  |9 58051 
610 1 |a Совет Народных Комиссаров СССР 
610 1 |a плановая экономика 
610 1 |a народное хозяйство 
610 1 |a доклады 
610 1 |a бюджет 
610 1 |a финансы 
610 1 |a экономика 
610 1 |a социализм 
686 |a У9(2)239.7  |v LBC/SL-A  |2 rubbk 
801 1 |a RU  |b 63413507  |c 20230216 
801 2 |a RU  |b 63413507  |c 20230216  |g RCR 
942 |c BK